LIBRARY & INFORMATION CENTRE, KCAET, TAVANUR

ONLINE PUBLIC ACCESS CATALOGUE (OPAC)

Automobile engineering , Vol.2 (Record no. 15408)

MARC details
000 -LEADER
fixed length control field 00337cam a2200133ua 4500
020 ## - INTERNATIONAL STANDARD BOOK NUMBER
ISBN 9788180142062
082 ## - DEWEY DECIMAL CLASSIFICATION NUMBER
Classification number 629.2
Item number KIR/AU
100 ## - MAIN ENTRY--AUTHOR NAME
Personal name Kirpal , Singh .
245 ## - TITLE STATEMENT
Title Automobile engineering , Vol.2
250 ## - EDITION STATEMENT
Edition statement 13
260 ## - PUBLICATION, DISTRIBUTION, ETC. (IMPRINT)
Place of publication New Delhi :
Name of publisher Standard publishers Distributors ,
Year of publication 2014
300 ## - PHYSICAL DESCRIPTION
Number of Pages 670p ; .
942 ## - ADDED ENTRY ELEMENTS (KOHA)
Koha item type Books
Holdings
Withdrawn status Lost status Damaged status Collection code Home library Current library Shelving location Date acquired Source of acquisition Cost, normal purchase price Full call number Accession Number Koha item type
        KAUAET KAUAET General Stacks 31/03/2018 Vigyan Books 475.00 629.2 KIR/AU 25704 Books
        KAUAET KAUAET General Stacks 31/03/2018 Vigyan Books 475.00 629.2 KIR/AU 25705 Books
free website counter